| 000 | 00682nam a22002057a 4500 | ||
|---|---|---|---|
| 999 |
_c12621 _d12621 |
||
| 003 | TR-AnCHP | ||
| 005 | 20190123114918.0 | ||
| 008 | 190123b tu ||||| |||| 00| 0 tur d | ||
| 020 | _a9789752552586 | ||
| 040 |
_aNNU _cN15 _dPUL _dSULEY |
||
| 082 |
_a305.552 _bK55 2009 |
||
| 245 | 0 | 0 |
_aKime Aydın Denir? / _cDerleyen Ahmet Köklügiller. |
| 260 |
_aİstanbul : _bIQ Kültür Sanat Yayıncılık, _c2009. |
||
| 300 |
_a320 s. ; _c21 cm. |
||
| 490 | 1 |
_aIQ Kültür Sanat Yayıncılık ; _v358. _aAraştırma-İnceleme dizisi ; _v311. |
|
| 650 | 0 | 4 |
_aEntellektüeller _zTürkiye. |
| 650 | 0 |
_aAydınlar _95063 _xTürkiye |
|
| 651 | 4 |
_aTürkiye _xEntellektüel yaşam. |
|
| 942 |
_2lcc _cBKS |
||